Reconstructing nature : alienation, emancipation and division of labour
Αποθηκεύτηκε σε:
| Κύριος συγγραφέας: | |
|---|---|
| Μορφή: | Βιβλίο |
| Γλώσσα: | English |
| Δημοσίευση: |
London :
Routledge ,
c1996
|
| Σειρά: | International library of sociology
|
| Θέματα: | |
| Ετικέτες: |
Προσθήκη ετικέτας
Δεν υπάρχουν, Καταχωρήστε ετικέτα πρώτοι!
|
MARC
| LEADER | 00000nam a2200000 i 4500 | ||
|---|---|---|---|
| 001 | 1/82120 | ||
| 008 | 990520s1996 eng d | ||
| 020 | |a 0-415-08922-0 | ||
| 035 | |l 10051017 | ||
| 040 | |a GR-MY-UA |b gre |e aacr | ||
| 041 | 0 | |a eng | |
| 082 | 0 | |a 304.201 | |
| 100 | 1 | |a Dickens, Peter |d 1940- | |
| 245 | 1 | 0 | |a Reconstructing nature : |b alienation, emancipation and division of labour / |c Peter Dickens |
| 260 | |a London : |b Routledge , |c c1996 | ||
| 300 | |a 224 p. | ||
| 490 | 1 | |a International library of sociology | |
| 504 | |a Includes bibliographical references and index | ||
| 650 | 0 | 0 | |a Human ecology |x Philosophy. |
| 650 | 0 | 0 | |a Division of labor. |
| 650 | 0 | 0 | |a Marxian school of sociology. |
| 830 | 0 | |a International library of sociology | |
| 852 | |a INST |b LESVOS |e 19990520 |h 304.201 DIC |p 005100020055 |q 005100020055 |t BK |y 0 | ||
| 901 | |a BIBL1-1999-2 | ||
| 909 | |a Λ |b 062138 | ||
| 922 | |a 1ΕΛΗ |b 199812 |c ΚΠΣ/ΤΓ |d LEADER | ||
| 950 | |a 118-1998-10-19 | ||